000 01673cam a2200337 i 4500
001 20297
003 CO-MdFUSB
005 20240531062743.0
008 161006t2013 xxu||||g |||| 00| 0 eng d
020 _a978-0-8006-9928-4
040 _aCO-MdFUSB
_bEspañol
_cCO-MdFUSB
_dCO-MdFUSB
_erda
041 _aeng
082 _224
_a201.5
_bC212c
245 1 0 _aCan only one religion be true?
_b : Paul Knitter and Harold Netland in dialogue
_c / edtado por Robert B. Stewart
264 4 _aMinneapolis, Minnesota:
_bFortress Press,
_c©2013
300 _axix, 215 páginas
_b:
_c;
336 _2rdacontent
_a1
_ba1
337 _2rdamedia
_a2
_b5
338 _2rdacarrier
_a2
_b5
501 _aRústico
505 0 0 _aPuede haber solamente una religión verdadera? - Teologías de la diversidad religiosa: hacia una evaluación católica - Ningún otro nombre: el evangelio y verdaderas religiones - la revelación general, inclusivismo, pluralismo y posmodernismo - ¿Es el cristianismo la única religión verdadera, o uno de los otros? - La monoteísta sombra de John Hick - ¿Por qué el mundo no es religiosamente ambiguo: Una crítica del pluralismo religioso - Tiene pluralismo religioso normativo una justificación? - La diversidad religiosa y la inutilidad de la neutralidad - ¿Pueden los Judios ser el pueblo escogido de Dios?
600 1 0 _aKnitter, Paul F.
_d1939-
600 1 0 _aNetland, Harold A.
_d1955-
650 7 _9385
_aReligión
650 7 _9446
_aPluralismo religioso
650 7 _aCristianismo
_2
_922
653 _aChristianity and other religions
700 1 _9465
_aStewart, Robert B.
_d1957-
_eeditor
942 _cBK
999 _c46648
_d46648